000 00480 a2200121 4500
001 ART_40059
005 20260410161842.0
008 260409a
245 1 0 _aDerecho a casarse y obligación de los militares de solicitar autorización para contraer matrimonio. Doctrina de la Corte de Suprema de Justicia de la Nación
100 1 _aFuria de Torres, Lilian Alicia G.
700 1 _aTorres, Ismael F.
773 0 _tRAP
_g- Año 22, Nº 264 (sep. 2000)
_wREV5941
999 _c24174
_d24174